Ritiri mensili. (Record n. 37492)

Dettagli MARC
000 -LEADER
fixed length control field 00581nam a22001817a 4500
003 - CONTROL NUMBER IDENTIFIER
control field IT-RoPau
005 - DATE AND TIME OF LATEST TRANSACTION
control field 20220918175935.0
008 - FIXED-LENGTH DATA ELEMENTS--GENERAL INFORMATION
fixed length control field 121110b xxu||||| |||| 00| 0 eng d
040 ## - CATALOGING SOURCE
Transcribing agency IT-RoPau
100 ## - MAIN ENTRY--PERSONAL NAME
9 (RLIN) 27
Personal name Alberione Giacomo
Dates associated with a name Teologo e Primo Maestro SSP
245 ## - TITLE STATEMENT
Title Ritiri mensili.
Remainder of title L'amor di Dio, L'amor del prossimo, Il peccato veniale
250 ## - EDITION STATEMENT
Edition statement 1°ed.
260 ## - PUBLICATION, DISTRIBUTION, ETC. (IMPRINT)
Place of publication, distribution, etc. Alba
Name of publisher, distributor, etc. Pia Società San Paolo
Date of publication, distribution, etc. 1934
300 ## - PHYSICAL DESCRIPTION
Extent 215 p.
Dimensions 17 cm
440 ## - SERIES STATEMENT/ADDED ENTRY--TITLE
Volume/sequential designation 1° vol.
9 (RLIN) 28
520 ## - SUMMARY, ETC.
Summary, etc. INDICE <br/>I.L'amor di Dio<br/>II.L'amor del prossimo<br/>III.Il peccato veniale
942 ## - ADDED ENTRY ELEMENTS (KOHA)
Source of classification or shelving scheme Dewey Decimal Classification
Koha item type LIBRO
Dati di copia
Withdrawn status Lost status Source of classification or shelving scheme Damaged status Not for loan Home library Current library Date acquired Total Checkouts Full call number Date last seen Price effective from Koha item type
    Dewey Decimal Classification Buone Condizioni Not For Loan PAULUS-BIBLIOTECA PAULUS-BIBLIOTECA 10/11/2012   P A2 10/11/2012 10/11/2012 LIBRO
    Dewey Decimal Classification Buone Condizioni Not For Loan PAULUS-BIBLIOTECA PAULUS-BIBLIOTECA 28/10/2013   P A2 28/10/2013 28/10/2013 LIBRO
CREDITS: SOCIETA' SAN PAOLO Via A.Severo, 58 - ROMA (RM) & PERIODICI SAN PAOLO SRL Via Giotto, 36 MILANO & CISF Via Giotto, 36 MILANO & EDIZIONI SAN PAOLO SRL,  Piazza Soncino, 5 CINISELLO BALSAMO (MI) -- ITALY